Juventude, religiao e ética: reflexoes teológico-práticas sobre a pesquisa perfil da juventude na PUC-Rio

Guardat en:
Dades bibliogràfiques
Autors principals: Pedrosa-Pádua, Lucia (Autor), De Mello, Zeca (Autor)
Format: Llibre
Idioma:portuguès
Publicat: Río de Janeiro Editora PUC 2010
Edició:1a. ed
Matèries:
Etiquetes: Afegir etiqueta
Sense etiquetes, Sigues el primer a etiquetar aquest registre!

MARC

LEADER 00000cam a2200000 a 4500
001 UCD1833
003 CL-VaPUC
008 160331e20100000bl |||||||||||||||||por|d
020 |a 9788580060058 
082 0 4 |a 291.422  |b PED  |2 21 
100 0 |a Pedrosa-Pádua, Lucia  |e author  |9 584969 
700 0 |a De Mello, Zeca  |e author  |9 584970 
245 1 0 |a Juventude, religiao e ética: reflexoes teológico-práticas sobre a pesquisa perfil da juventude na PUC-Rio 
250 |a 1a. ed 
300 |a 227 p 
942 |c BK 
945 |d 20160331 23:10:00  |a arojas 
260 |a Río de Janeiro  |b Editora PUC  |c 2010 
650 0 |a Juventud  |9 271073 
650 0 |a Ética  |9 255099 
650 0 |a Educación religiosa   |9 308312 
650 0 |a Pluralismo religioso  |9 393164 
650 0 |a Experiencia religiosa  |9 315549 
583 |a last modification  |c 20160331 23:10:00  |k Rodrigo Vera 
999 |c 363053  |d 363051 
952 |0 0  |1 0  |3 erb  |4 0  |6 291_422000000000000_PED_2010  |7 0  |8 A  |9 474784  |a BIBTEO  |b BIBTEO  |i 5268990  |o 291.422 PED 2010  |p 5268990  |r 2024-01-18  |w 2019-11-24  |y BK  |z Catalogado en:20160331  |k ICR 
952 |0 0  |1 0  |3 erb  |4 0  |6 291_422000000000000_PED_2010  |7 0  |8 A  |9 474785  |a BIBTEO  |b BIBTEO  |i 5269008  |o 291.422 PED 2010  |p 5269008  |r 2024-01-18  |w 2019-11-24  |y BK  |z Catalogado en:20160331  |k ICR 
952 |0 0  |1 0  |3 erb  |4 0  |6 291_422000000000000_PED_2010  |7 0  |8 A  |9 474786  |a BIBTEO  |b BIBTEO  |i 5269016  |o 291.422 PED 2010  |p 5269016  |r 2024-01-18  |w 2019-11-24  |y BK  |z Catalogado en:20160331  |k ICR